[Event "Benidorm Open"]
[Site "Benidorm"]
[Date "1989.??.??"]
[Round "?"]
[White "Villavicencio Martinez, Adalberto"]
[Black "Parera, Jorge"]
[Result "1-0"]
[WhiteElo "2325"]
[BlackElo "2250"]
[PlyCount "75"]
[EventDate "1989.04.??"]
[Source "www.chesslib.no"]
[SourceDate "2004.05.04"]

1. e4 e5 2. Nf3 d5 3. exd5 e4 4. Qe2 Nf6 5. Nc3 Be7 6. Nxe4 O-O 7. d3 Re8 8. Qd1 Qxd5 9. Nxf6+ Bxf6+ 10. Be2 Nc6 11. c3 Bf5 12. Be3 Rad8 13. d4 Be4 14. O-O Qf5 15. Ne1 Ne5 16. f3 Bc6 17. Qc2 Qxc2 18. Nxc2 Ng6 19. Kf2 Re7 20. Bd3 Ba4 21. b3 Be8 22. Rad1 c5 23. dxc5 Bxc3 24. Bg5 Bf6 25. Bxf6 gxf6 26. Bxg6 Rxd1 27. Bxh7+ Kxh7 28. Rxd1 Re5 29. b4 a5 30. Re1 axb4 31. Nxb4 Bb5 32. Rxe5 fxe5 33. Ke3 f5 34. Nd3 e4 35. fxe4 fxe4 36. Ne5 Bf1 37. g4 Bg2 38. g5 1-0

[Event "ch-Kiev"]
[Site "?"]
[Date "2005.01.21"]
[Round "4"]
[White "Dolzhikova Kateryna"]
[Black "Ianovsky Alexander"]
[Result "1-0"]
[WhiteElo "2244"]
[BlackElo "2328"]
[PlyCount "60"]
[EventDate "2005.??.??"]
[Source "www.chesslib.no"]
[SourceDate "2004.05.04"]

1. e4 e5 2. Nf3 d5 3. exd5 Bd6 4. Nc3 Nf6 5. d4 e4 6. Ne5 O-O 7. Bg5 Re8 8. Bb5 Nbd7 9. Bxf6 Nxf6 10. Bxe8 Qxe8 11. O-O Bxe5 12. dxe5 Qxe5 13. f4 Qd6 14. Qd4 Bf5 15. Rad1 a6 16. h3 Re8 17. Rd2 e3 18. Re2 c5 19. Qd1 b5 20. Qe1 c4 21. Kh1 b4 22. Nd1 Nxd5 23. Nxe3 Nxe3 24. Rxe3 Rxe3 25. Qxe3 Bxc2 26. Qe8+ Qf8 27. Qc6 Bf5 28. Re1 c3 29. Re8 cxb2 30. Rxf8+ Kxf8 1-0

[Event "Baku EU qual"]
[Site "?"]
[Date "2002.??.??"]
[Round "?"]
[White "Gassanov Assif"]
[Black "Pavlenko Oleg"]
[Result "1/2-1/2"]
[WhiteElo "2299"]
[BlackElo "2272"]
[PlyCount "75"]
[EventDate "2002.??.??"]
[Source "www.chesslib.no"]
[SourceDate "2004.05.04"]

1. e4 e5 2. Nf3 d5 3. exd5 e4 4. Ne5 Qxd5 5. d4 exd3 6. Nxd3 Nc6 7. Nc3 Qe6+ 8. Be3 Nf6 9. Be2 Bd6 10. Nb5 O-O 11. Nxd6 cxd6 12. Nf4 Qe5 13. c3 Bf5 14. O-O Rfe8 15. Bf3 Be4 16. Bxe4 Qxe4 17. h3 d5 18. Ne2 h6 19. Qb3 Na5 20. Qb5 Nc4 21. Ng3 Qe6 22. Bd4 Ne4 23. Nxe4 dxe4 24. Rfe1 b6 25. b3 Nd6 26. Qe2 Nf5 27. Rad1 Rad8 28. Be3 Nxe3 29. Qxe3 f5 30. f3 Rxd1 31. Rxd1 exf3 32. Qxf3 Qe3+ 33. Qxe3 Rxe3 34. Rd7 a5 35. Rd6 Rxc3 36. Rxb6 Rc1+ 37. Kh2 Rc2 38. Rb5 1/2-1/2

[Event "NRW Ch"]
[Site "Godesberg"]
[Date "1991.??.??"]
[Round "4"]
[White "Forchert, Martin"]
[Black "Buecker, Stefan"]
[Result "0-1"]
[WhiteElo "2225"]
[BlackElo "2345"]
[PlyCount "68"]
[EventDate "1991.10.??"]
[Source "www.chesslib.no"]
[SourceDate "2004.05.04"]

1. e4 e5 2. Nf3 d5 3. Nxe5 dxe4 4. Bc4 Qg5 5. d4 Qxg2 6. Rf1 Nf6 7. Bxf7+ Ke7 8. b3 Nbd7 9. Ba3+ Kd8 10. Bc4 Ke8 11. Bf7+ Kd8 12. Be6 Bxa3 13. Nxa3 Re8 14. Bf7 Re7 15. Qd2 e3 16. fxe3 Qxd2+ 17. Kxd2 Nxe5 18. dxe5 Rxe5 19. Rae1 b5 20. b4 a5 21. bxa5 Rxa5 22. Nb1 Ke7 23. Bb3 c5 24. c4 bxc4 25. Bxc4 Ba6 26. Bxa6 Rxa2+ 27. Kd3 Rxa6 28. Nc3 Rh5 29. Re2 Ng4 30. Rg1 Rd6+ 31. Kc2 Rg6 32. Rg3 Ke6 33. Ne4 Kf5 34. Nxc5 Rc6 0-1

[Event "Hafnarfjordur Open"]
[Site "Hafnarfjordur ISL"]
[Date "1995.??.??"]
[Round "5"]
[White "Jonsson, Bjorgvin"]
[Black "Leosson, Torfi"]
[Result "1-0"]
[WhiteElo "2395"]
[BlackElo "2160"]
[PlyCount "51"]
[EventDate "1995.??.??"]
[Source "www.chesslib.no"]
[SourceDate "2004.05.04"]

1. e4 e5 2. Nf3 d5 3. d4 dxe4 4. Nxe5 Bd6 5. Bf4 Nf6 6. Bc4 O-O 7. Nc3 Qe7 8. Qd2 Nbd7 9. Nxd7 Bxd7 10. O-O-O c5 11. Bg5 cxd4 12. Qxd4 Be5 13. Bxf6 Qxf6 14. Qxd7 Bxc3 15. bxc3 Rad8 16. Qh3 Qxf2 17. Rxd8 Rxd8 18. Rf1 Qd2+ 19. Kb2 b5 20. Bxf7+ Kh8 21. Bg6 h6 22. Qf5 Qd6 23. Qxe4 b4 24. cxb4 a5 25. Re1 Qf6+ 26. Kb1 1-0

[Event "BL2-W 9495"]
[Site "GER"]
[Date "1995.??.??"]
[Round "?"]
[White "Polster, Wolfgang"]
[Black "Schulenburg, Peter"]
[Result "1/2-1/2"]
[WhiteElo "2235"]
[BlackElo "2315"]
[PlyCount "87"]
[EventDate "1994.10.??"]
[Source "www.chesslib.no"]
[SourceDate "2004.05.04"]

1. e4 e5 2. Nf3 d5 3. d4 dxe4 4. Nxe5 Bd6 5. Nc4 h6 6. Nc3 Nf6 7. Be2 O-O 8. Be3 Bb4 9. O-O Re8 10. a3 Bxc3 11. bxc3 Be6 12. Rb1 Qc8 13. Ne5 Nbd7 14. Nxd7 Qxd7 15. c4 c6 16. h3 Nh7 17. Qd2 Rad8 18. Rfd1 g5 19. d5 cxd5 20. cxd5 Qxd5 21. Qxd5 Bxd5 22. Bxa7 Bc6 23. Bb6 Rxd1+ 24. Rxd1 Nf8 25. Rd8 Rxd8 26. Bxd8 Kg7 27. Bc4 f5 28. Bb6 Kg6 29. Bd4 Nd7 30. Bb3 Nf6 31. a4 h5 32. a5 h4 33. Bc4 Nd5 34. c3 Nf4 35. Bf1 g4 36. hxg4 fxg4 37. Kh2 Nd3 38. f3 g3+ 39. Kg1 Nf4 40. fxe4 Bxe4 41. Be3 Nd5 42. Bd2 Nc7 43. Bc4 Kf5 44. Be3 1/2-1/2

[Event "Corr"]
[Site "?"]
[Date "2001.09.01"]
[Round "?"]
[White "Milos Vladislav (CZE)"]
[Black "Costa Antonio Pedro Ramos"]
[Result "0-1"]
[WhiteElo "2230"]
[BlackElo "2309"]
[PlyCount "78"]
[EventDate "2001.??.??"]
[Source "www.chesslib.no"]
[SourceDate "2004.05.04"]

1. e4 e5 2. Nf3 d5 3. Nxe5 Bd6 4. d4 dxe4 5. Bc4 Bxe5 6. Qh5 Qe7 7. dxe5 Be6 8. Bxe6 Qxe6 9. Qg5 Ne7 10. Qxg7 Rg8 11. Qxh7 Nbc6 12. Nc3 O-O-O 13. Qxe4 Rd4 14. Qh7 Nxe5 15. Be3 Nc4 16. Qh6 Qe5 17. Kf1 Rdg4 18. Qh3 Nf5 19. Bc1 Rxg2 20. Qxg2 Rxg2 21. Kxg2 Qe6 22. Rg1 Nh4+ 23. Kf1 Qh3+ 24. Ke2 Nf5 25. Kd1 Nd4 26. Ne2 Nf3 27. Rg8+ Kd7 28. Ng3 Qe6 29. c3 Nce5 30. Be3 Qd6+ 31. Kc2 Qd3+ 32. Kb3 Nc4 33. Rg4 Nxe3 34. fxe3 Nd2+ 35. Ka3 Qa6+ 36. Ra4 Qd6+ 37. b4 b5 38. Ra5 Qd3 39. Rc1 a6 0-1

[Event "16th VR Bank Open"]
[Site "Apolda GER"]
[Date "2007.08.24"]
[Round "2"]
[White "Kuczynski, R."]
[Black "Aepfler, G."]
[Result "1-0"]
[WhiteElo "2490"]
[BlackElo "2045"]
[PlyCount "79"]
[EventDate "2007.08.23"]
[Source "www.chesslib.no"]
[SourceDate "2004.05.04"]

1. e4 e5 2. Nf3 d5 3. Nxe5 Bd6 4. d4 dxe4 5. Bb5+ c6 6. Bc4 Bxe5 7. dxe5 Qxd1+ 8. Kxd1 Bg4+ 9. Be2 Bxe2+ 10. Kxe2 Nd7 11. Nc3 Nxe5 12. Nxe4 O-O-O 13. Bf4 f6 14. Rad1 Ne7 15. Nd6+ Kc7 16. Nf7 Rxd1 17. Kxd1 Rf8 18. Nxe5 fxe5 19. Bxe5+ Kd7 20. f3 Rf5 21. Re1 g6 22. f4 b5 23. g3 Nd5 24. Ke2 Rf7 25. Kf3 g5 26. Kg4 gxf4 27. gxf4 Kc8 28. Kf3 Ne7 29. Re4 Nf5 30. Kg4 Kd7 31. Kg5 a6 32. b4 Kc8 33. Bf6 Nd6 34. Re7 Rf8 35. Be5 Rg8+ 36. Rg7 Rxg7+ 37. Bxg7 Kd7 38. Be5 Ne8 39. f5 Ke7 40. Kh6 1-0

[Event "Salou SPA"]
[Site "?"]
[Date "2005.05.20"]
[Round "1.14"]
[White "Kolev Atanas"]
[Black "Llacuna Roca Josep"]
[Result "1-0"]
[WhiteElo "2524"]
[BlackElo "2004"]
[PlyCount "55"]
[EventDate "2005.??.??"]
[Source "www.chesslib.no"]
[SourceDate "2004.05.04"]

1. e4 e5 2. Nf3 d5 3. exd5 Qxd5 4. Nc3 Qe6 5. Be2 Bd7 6. O-O Nc6 7. d4 exd4 8. Nxd4 Nxd4 9. Qxd4 c5 10. Qh4 Be7 11. Qg3 Nh6 12. Qxg7 Rg8 13. Qxh6 Rxg2+ 14. Kxg2 Bc6+ 15. f3 Qxh6 16. Bxh6 O-O-O 17. Bd3 Kb8 18. Bf4+ Ka8 19. Be4 Rg8+ 20. Kh1 Bd7 21. Nd5 Bd8 22. Rg1 Re8 23. Rae1 a6 24. Bf5 Rxe1 25. Rxe1 Bh4 26. Re5 f6 27. Nxf6 Bxf6 28. Bxd7 1-0

[Event "Yerevan ol (Men)"]
[Site "Yerevan"]
[Date "1996.??.??"]
[Round "13"]
[White "Mas, Hafizulhelmi"]
[Black "Corbin, Philip"]
[Result "1-0"]
[WhiteElo "2280"]
[BlackElo "2245"]
[PlyCount "85"]
[EventDate "1996.09.??"]
[Source "www.chesslib.no"]
[SourceDate "2004.05.04"]

1. e4 e5 2. Nf3 d5 3. exd5 Bd6 4. d4 e4 5. Ne5 Nf6 6. c4 c5 7. dxc6 Nxc6 8. Nxc6 bxc6 9. Nc3 Qc7 10. h3 O-O 11. Be2 Rb8 12. Qc2 Re8 13. Be3 Bf5 14. Qd2 Qb7 15. b3 Qd7 16. Rd1 Rbd8 17. Bf4 Bb4 18. Qe3 Qc8 19. O-O Bxc3 20. Qxc3 e3 21. fxe3 Bxh3 22. gxh3 Qxh3 23. Bf3 Re6 24. Bg2 Qg4 25. Qa5 Rde8 26. Qg5 Qe2 27. Be5 Nh5 28. Rde1 Rg6 29. Qxg6 Qxf1+ 30. Rxf1 hxg6 31. Bxc6 Re7 32. Bd5 Nf6 33. Bxf6 gxf6 34. Rxf6 Rxe3 35. Rxf7 Kh8 36. Kf2 Rd3 37. Rxa7 g5 38. Ra8+ Kg7 39. Rg8+ Kh6 40. Rg6+ Kh5 41. Bf3+ g4 42. Rxg4 Kh6 43. c5 1-0

[Event "Corr"]
[Site "?"]
[Date "2002.11.11"]
[Round "?"]
[White "Nagley Tim"]
[Black "Derouineau Jacques"]
[Result "1/2-1/2"]
[WhiteElo "2192"]
[BlackElo "2330"]
[PlyCount "88"]
[EventDate "2002.??.??"]
[Source "www.chesslib.no"]
[SourceDate "2004.05.04"]

1. e4 e5 2. Nf3 d5 3. exd5 e4 4. Qe2 Qe7 5. Nd4 Nf6 6. Nc3 a6 7. d3 exd3 8. Qxe7+ Bxe7 9. Bxd3 Bb4 10. Bd2 Bxc3 11. Bxc3 Nxd5 12. Kd2 O-O 13. Rhe1 Rd8 14. Re2 c5 15. Rae1 Kf8 16. Nb3 b6 17. Be5 Be6 18. Kc1 Nc6 19. Bg3 Ncb4 20. Be4 Nxa2+ 21. Kb1 Nab4 22. c3 Nc6 23. Nd2 Ra7 24. Bxh7 Nce7 25. Bc2 Rad7 26. Ne4 Bf5 27. h3 c4 28. Kc1 Bxe4 29. Rxe4 b5 30. Rh4 Ng6 31. Bxg6 fxg6 32. Rhe4 Kf7 33. Re5 Re7 34. Rxe7+ Nxe7 35. Rxe7+ Kxe7 36. Bh4+ Ke8 37. Bxd8 Kxd8 38. Kd2 Kc7 39. Ke3 Kb6 40. h4 Kc5 41. g3 b4 42. Kd2 a5 43. f3 Kb5 44. Kc1 Kc6 1/2-1/2

[Event "Akropolis Open"]
[Site "Athens GRE"]
[Date "1989.??.??"]
[Round "?"]
[White "Bobak, Sandor"]
[Black "Pandavos, Panayotis"]
[Result "0-1"]
[WhiteElo "2220"]
[BlackElo "2300"]
[PlyCount "46"]
[EventDate "1989.??.??"]
[Source "www.chesslib.no"]
[SourceDate "2004.05.04"]

1. e4 e5 2. Nf3 d5 3. exd5 e4 4. Bb5+ c6 5. dxc6 bxc6 6. Qe2 cxb5 7. O-O Nf6 8. Ng5 Bb7 9. Nc3 a6 10. Ncxe4 Nxe4 11. Nxe4 Be7 12. Re1 O-O 13. d3 Qd5 14. Qg4 f5 15. Nc3 fxg4 16. Nxd5 Bxd5 17. Rxe7 Nc6 18. Rd7 Rad8 19. Rxd8 Rxd8 20. Be3 Nb4 21. Bc5 Nxc2 22. Rd1 Bxa2 23. d4 Re8 0-1

[Event "Open"]
[Site "?"]
[Date "2001.??.??"]
[Round "?"]
[White "Zavgorodniy Sergiy"]
[Black "Panchenko Fedor"]
[Result "1-0"]
[WhiteElo "2370"]
[BlackElo "2149"]
[PlyCount "47"]
[EventDate "2001.??.??"]
[Source "www.chesslib.no"]
[SourceDate "2004.05.04"]

1. e4 e5 2. Nf3 d5 3. exd5 Qxd5 4. Nc3 Qa5 5. Bc4 Nc6 6. O-O f6 7. Re1 Bg4 8. Nxe5 Qxe5 9. Rxe5+ Nxe5 10. Be2 Bxe2 11. Qxe2 O-O-O 12. d4 Ng6 13. Be3 N8e7 14. d5 Kb8 15. Nb5 Nc8 16. c4 Bd6 17. c5 Be5 18. c6 Rxd5 19. cxb7 Kxb7 20. Nc3 Bxc3 21. bxc3 Ne5 22. Rb1+ Kc6 23. f4 Nd3 24. Bd4 1-0

[Event "Tenkes Cup op"]
[Site "?"]
[Date "1999.11.28"]
[Round "7"]
[White "Parkanyi Attila"]
[Black "Ivan Zoltan"]
[Result "1-0"]
[WhiteElo "2313"]
[BlackElo "2200"]
[PlyCount "109"]
[EventDate "1999.??.??"]
[Source "www.chesslib.no"]
[SourceDate "2004.05.04"]

1. e4 e5 2. Nf3 d5 3. Nxe5 Bd6 4. d4 dxe4 5. Nc4 Nf6 6. Bg5 Nc6 7. c3 O-O 8. Be2 Be7 9. Ne3 Nd5 10. Bxe7 Ncxe7 11. Qd2 Nxe3 12. Qxe3 f5 13. Bc4+ Kh8 14. Nd2 b6 15. O-O-O Bb7 16. g3 Nd5 17. Qe2 a5 18. Rhg1 Nf6 19. Kb1 Qd7 20. Nf1 a4 21. a3 Bd5 22. Ne3 c6 23. h3 b5 24. Nxd5 Nxd5 25. Ba2 Rae8 26. Rc1 f4 27. c4 f3 28. Qc2 bxc4 29. Bxc4 e3 30. Rge1 exf2 31. Qxf2 Qf5+ 32. Ka1 h6 33. g4 Rxe1 34. Rxe1 Qf6 35. Bd3 Rd8 36. Bf5 Nc7 37. Qxf3 Rxd4 38. Qe3 Qf8 39. Bc2 c5 40. Qe5 Rd5 41. Qe4 Qg8 42. Qxa4 Rd8 43. Qc6 Nd5 44. g5 hxg5 45. Qg6 Nf6 46. Qxg5 Qc4 47. Qf5 Ra8 48. Qf3 Rb8 49. Qd3 Qh4 50. Rg1 Re8 51. Qg3 Qh6 52. Qc7 Re3 53. h4 Re8 54. Ka2 Ng4 55. Qf7 1-0

[Event "Corr"]
[Site "?"]
[Date "2002.06.15"]
[Round "?"]
[White "Vopilin Vasily Sergeevich ("]
[Black "Costa Antonio Pedro Ramos"]
[Result "1-0"]
[WhiteElo "2178"]
[BlackElo "2325"]
[PlyCount "35"]
[EventDate "2002.??.??"]
[Source "www.chesslib.no"]
[SourceDate "2004.05.04"]

1. e4 e5 2. Nf3 d5 3. Nxe5 Bd6 4. d4 dxe4 5. Bc4 Bxe5 6. Qh5 Qe7 7. Qxe5 Qxe5 8. dxe5 Nc6 9. Bf4 Nge7 10. Nc3 Ng6 11. Bg3 Ncxe5 12. Nd5 c6 13. Nc7+ Ke7 14. Bxf7 Kxf7 15. Nxa8 Bf5 16. Nc7 Rc8 17. Na6 bxa6 18. O-O-O 1-0

[Event "Oberliga Ost-B 0203"]
[Site "?"]
[Date "2002.10.20"]
[Round "1.1"]
[White "Foetsch Daniel"]
[Black "Gazic Josip"]
[Result "0-1"]
[WhiteElo "2276"]
[BlackElo "2225"]
[PlyCount "62"]
[EventDate "2002.??.??"]
[Source "www.chesslib.no"]
[SourceDate "2004.05.04"]

1. e4 e5 2. Nf3 d5 3. Nxe5 Bd6 4. d4 dxe4 5. Nc3 Nf6 6. Bg5 h6 7. Bh4 O-O 8. Bc4 Nc6 9. Bxf6 Qxf6 10. Nxe4 Qe7 11. f4 Nxe5 12. fxe5 Bxe5 13. O-O Bxh2+ 14. Kxh2 Qxe4 15. Qd2 Be6 16. Rf4 Qc6 17. Bd3 Rad8 18. Be4 Bd5 19. Bf5 Qd6 20. Kh1 c5 21. c3 Be6 22. Bc2 cxd4 23. Rxd4 Qg3 24. Rd1 Rxd4 25. Qxd4 b6 26. a4 Re8 27. Qe4 g6 28. Qc6 Re7 29. Be4 Bb3 30. Qf6 Re8 31. Qc6 Qh4+ 0-1

[Event "Budapest FS03 IM-A"]
[Site "Budapest HUN"]
[Date "1995.??.??"]
[Round "7"]
[White "Acs, Peter"]
[Black "Svensson, Leif"]
[Result "1-0"]
[WhiteElo "2240"]
[BlackElo "2255"]
[PlyCount "45"]
[EventDate "1995.03.??"]
[Source "www.chesslib.no"]
[SourceDate "2004.05.04"]

1. e4 e5 2. Nf3 d5 3. Nxe5 Bd6 4. d4 dxe4 5. Nc4 Nf6 6. Nxd6+ Qxd6 7. Nc3 O-O 8. Be3 Ng4 9. Qd2 Nxe3 10. Qxe3 f5 11. O-O-O Re8 12. g3 a6 13. f3 b5 14. fxe4 b4 15. Na4 Rxe4 16. Qd3 Qh6+ 17. Kb1 Be6 18. Bg2 Re3 19. Qd2 c6 20. d5 Bd7 21. Qxb4 Bc8 22. Nb6 a5 23. Qf4 1-0

[Event "Bayernliga 2001/02"]
[Site "?"]
[Date "2002.??.??"]
[Round "2"]
[White "Vachal Josef"]
[Black "Schmidt Wolfgang"]
[Result "1/2-1/2"]
[WhiteElo "2200"]
[BlackElo "2295"]
[PlyCount "49"]
[EventDate "2002.??.??"]
[Source "www.chesslib.no"]
[SourceDate "2004.05.04"]

1. e4 e5 2. Nf3 d5 3. exd5 Bd6 4. Nc3 Nf6 5. d3 h6 6. g3 O-O 7. Bg2 Nbd7 8. O-O Nb6 9. d4 e4 10. Ne5 Bf5 11. f3 e3 12. Bxe3 Nfxd5 13. Nxd5 Nxd5 14. Bf2 Nb4 15. c3 Bxe5 16. dxe5 Qxd1 17. Rfxd1 Nd3 18. b3 Nxe5 19. f4 Nc6 20. Bf3 Rfe8 21. Re1 a6 22. Rxe8+ Rxe8 23. Rd1 Be4 24. Bxe4 Rxe4 25. Rd2 1/2-1/2

[Event "Bayernliga 1999/00"]
[Site "?"]
[Date "2000.??.??"]
[Round "2"]
[White "Jergler Karl-Heinz"]
[Black "Schmidt Wolfgang"]
[Result "0-1"]
[WhiteElo "2180"]
[BlackElo "2315"]
[PlyCount "42"]
[EventDate "2000.??.??"]
[Source "www.chesslib.no"]
[SourceDate "2004.05.04"]

1. e4 e5 2. Nf3 d5 3. Nxe5 Bd6 4. d4 dxe4 5. Bc4 Bxe5 6. Qh5 Qe7 7. dxe5 Be6 8. Bxe6 Qxe6 9. Nc3 Nc6 10. O-O O-O-O 11. Be3 Nge7 12. Nxe4 Nxe5 13. Nc5 Qf5 14. Qe2 c6 15. Nb3 Nd5 16. Rae1 Rhe8 17. Nd4 Qg6 18. c4 Nxe3 19. Qxe3 Rxd4 20. f4 Rd3 21. Qe4 Nf3+ 0-1

[Event "Benasque Open"]
[Site "Benasque ESP"]
[Date "1995.??.??"]
[Round "1"]
[White "De la Villa Garcia, Jesus Maria"]
[Black "De la Cruz, Alfredo"]
[Result "1-0"]
[WhiteElo "2500"]
[BlackElo "1990"]
[PlyCount "69"]
[EventDate "1995.07.??"]
[Source "www.chesslib.no"]
[SourceDate "2004.05.04"]

1. e4 e5 2. Nf3 d5 3. exd5 Bd6 4. d3 Nf6 5. Nc3 h6 6. Be2 O-O 7. a3 Re8 8. Nd2 Nbd7 9. Nde4 Nb6 10. Nxf6+ Qxf6 11. Ne4 Qg6 12. c4 Bf5 13. Ng3 e4 14. Nxf5 Qxf5 15. O-O Qe5 16. g3 Bc5 17. dxe4 Qxe4 18. Bd3 Qe5 19. Ra2 Rad8 20. Bf4 Qe7 21. b4 Bd6 22. Bxd6 Qxd6 23. c5 Qxd5 24. Rd2 Qg5 25. cxb6 axb6 26. h4 Qf6 27. Bb1 b5 28. Rxd8 Rxd8 29. Qc2 Qe5 30. Kg2 g6 31. Ba2 Kg7 32. Rc1 c6 33. Qc3 Kf6 34. Qxe5+ Kxe5 35. Bxf7 1-0